Основы современных алгоритмов: учебное пособие: пер. с англ.

Xehetasun bibliografikoak
Egile nagusia: Макконелл Дж.
Gaia:В учебном пособии обсуждаются алгоритмы решения наиболее широко распространенных классов задач, покрывающих практически всю область программирования: поиск и сортировка, численные алгоритмы и алгоритмы на графах. Особое внимание уделено алгоритмам параллельной обработки, редко освещаемым в литературе на русском языке. В дополнении ко 2-му изданию на русском языке даны сведения по теории алгоритмов, оценкам трудоемкости и новейшим алгоритмам, не вошедшие в первоначальный вариант книги. Изложение неформальное и чрезвычайно подробное, с большим количеством упражнений, позволяющих вести самоконтроль. Книга нужна всем, кому приходится самостоятельно писать программы — от программистов банковских систем до научных работников.
Hizkuntza:errusiera
Argitaratua: Москва, Техносфера, 2006
Edizioa:2-е изд., доп.
Saila:Мир программирования
Gaiak:
Formatua: Liburua
KOHA link:https://koha.lib.tpu.ru/cgi-bin/koha/opac-detail.pl?biblionumber=117220

MARC

LEADER 00000nam0a2200000 4500
001 117220
005 20231031123606.0
010 |a 5948360059 
035 |a (RuTPU)RU\TPU\book\126873 
090 |a 117220 
100 |a 20070531d2006 m y0rusy50 ca 
101 1 |a rus  |c eng 
102 |a RU 
105 |a a j 001zy 
200 1 |a Основы современных алгоритмов  |e учебное пособие: пер. с англ.  |f Дж. Макконелл 
205 |a 2-е изд., доп. 
210 |a Москва  |c Техносфера  |d 2006 
215 |a 366 с.  |c ил. 
225 1 |a Мир программирования 
320 |a Библиография в конце глав. 
330 |a В учебном пособии обсуждаются алгоритмы решения наиболее широко распространенных классов задач, покрывающих практически всю область программирования: поиск и сортировка, численные алгоритмы и алгоритмы на графах. Особое внимание уделено алгоритмам параллельной обработки, редко освещаемым в литературе на русском языке. В дополнении ко 2-му изданию на русском языке даны сведения по теории алгоритмов, оценкам трудоемкости и новейшим алгоритмам, не вошедшие в первоначальный вариант книги. Изложение неформальное и чрезвычайно подробное, с большим количеством упражнений, позволяющих вести самоконтроль. Книга нужна всем, кому приходится самостоятельно писать программы — от программистов банковских систем до научных работников. 
610 1 |a программирование 
610 1 |a алгоритмы 
610 1 |a анализ 
610 1 |a поиск 
610 1 |a выборка 
610 1 |a сортировка 
610 1 |a численные алгоритмы 
610 1 |a алгоритмы на графах 
610 1 |a параллельные алгоритмы 
610 1 |a недетерминированные алгоритмы 
610 1 |a алгоритмические инструменты 
610 1 |a случайные числа 
610 1 |a учебные пособия 
675 |a 681.3.068(075.8)  |v 3 
700 1 |a Макконелл  |b Дж. 
801 1 |a RU  |b 63413507  |c 20070531  |g PSBO 
801 2 |a RU  |b 63413507  |c 20210211  |g PSBO 
900 |a Информатика 
900 |a Вычислительная техника 
900 |a Алгоритмизация и микропрограммирование операций ЭВМ 
900 |a Вычислительные машины, сети и системы 
942 |c BK 
954 |b 230100 
959 |a 46/20070529  |d 2  |e 225,00  |f АНЛ:1  |f ЧЗТЛ:1